000
00303 a2200145 4500
001
176615
020
_a
040
_c
Magnum
100
_a
Fornasier, Lorena Mara
240
1
0
_a
O jacare sumiu !
_l
por
245
1
0
_a
O jacare sumiu !
362
0
_a
1899
697
_a
MAGNITO: IJ/ANIMAIS
942
_c
BK
999
_c
176615
_d
176615